Movies Quiz

Random Movies or Oscar Quiz

Academy Awards for Best Actress Quiz Stats

 Plays Quiz not verified by Sporcle

Support Sporcle.
Go Orange.
Score 0/94 Timer 20:00
0 Plays Today
Year Winner % Correct
2000Julia Roberts
100%
1996Frances McDormand
100%
1982Meryl Streep
100%
2011Meryl Streep
100%
2012Jennifer Lawrence
100%
2017Frances McDormand
100%
2020Frances McDormand
100%
2006Helen Mirren
98.4%
2005Reese Witherspoon
98.4%
2001Halle Berry
98.4%
2010Natalie Portman
98.4%
2016Emma Stone
98.4%
2008Kate Winslet
96.8%
1998Gwyneth Paltrow
96.8%
1991Jodie Foster
96.8%
1990Kathy Bates
96.8%
1988Jodie Foster
96.8%
2004Hilary Swank
95.2%
1999Hilary Swank
95.2%
2003Charlize Theron
93.5%
2002Nicole Kidman
93.5%
1997Helen Hunt
93.5%
1964Julie Andrews
93.5%
1953Audrey Hepburn
93.5%
2009Sandra Bullock
93.5%
2019Renée Zellweger
93.5%
1995Susan Sarandon
91.9%
1987Cher
91.9%
1981Katharine Hepburn
91.9%
1977Diane Keaton
91.9%
1967Katharine Hepburn
91.9%
1932-3Katharine Hepburn
91.9%
Year Winner % Correct
1968Katharine Hepburn
91.9%
1993Holly Hunter
88.7%
2014Julianne Moore
88.7%
2015Brie Larson
88.7%
2007Marion Cotillard
87.1%
1978Jane Fonda
87.1%
1971Jane Fonda
87.1%
2013Cate Blanchett
87.1%
1968Barbra Streisand
85.5%
1989Jessica Tandy
83.9%
1984Sally Field
83.9%
1980Sissy Spacek
83.9%
1979Sally Field
83.9%
1938Bette Davis
83.9%
1935Bette Davis
83.9%
2018Olivia Colman
83.9%
1976Faye Dunaway
82.3%
1972Liza Minnelli
82.3%
1992Emma Thompson
80.6%
1966Elizabeth Taylor
80.6%
1960Elizabeth Taylor
80.6%
1983Shirley MacLaine
79%
1975Louise Fletcher
79%
1969Maggie Smith
77.4%
1956Ingrid Bergman
77.4%
1944Ingrid Bergman
77.4%
1994Jessica Lange
75.8%
1986Marlee Matlin
75.8%
1974Ellen Burstyn
75.8%
1951Vivien Leigh
75.8%
1939Vivien Leigh
75.8%
1945Joan Crawford
74.2%
Year Winner % Correct
1973Glenda Jackson
66.1%
1970Glenda Jackson
66.1%
1962Anne Bancroft
64.5%
1934Claudette Colbert
59.7%
1949Olivia de Havilland
56.5%
1946Olivia de Havilland
56.5%
1943Jennifer Jones
56.5%
1961Sophia Loren
54.8%
1954Grace Kelly
54.8%
1942Greer Garson
54.8%
1985Geraldine Page
53.2%
1957Joanne Woodward
53.2%
1965Julie Christie
51.6%
1963Patricia Neal
50%
1941Joan Fontaine
48.4%
1940Ginger Rogers
46.8%
1937Luise Rainer
46.8%
1936Luise Rainer
46.8%
1950Judy Holliday
43.5%
1948Jane Wyman
43.5%
1955Anna Magnani
41.9%
1959Simone Signoret
40.3%
1947Loretta Young
38.7%
1958Susan Hayward
35.5%
1927-8Janet Gaynor
35.5%
1928-9Mary Pickford
35.5%
1931-2Helen Hayes
32.3%
1952Shirley Booth
30.6%
1930-1Marie Dressler
30.6%
1929-0Norma Shearer
27.4%

You're not logged in!

Compare scores with friends on all Sporcle quizzes.
OR
Log In

From the Vault

19th Century Literature Match

by RHLI

Gotta love the classics!
Remove Ads.
Support Sporcle.
Get the best of Sporcle when you Go Orange. This ad-free experience offers more features, more stats, and more fun while also helping to support Sporcle. Thank you for becoming a member.

Show Comments

Extras

Top Quizzes Today


Score Distribution

Your Account Isn't Verified!

In order to create a playlist on Sporcle, you need to verify the email address you used during registration. Go to your Sporcle Settings to finish the process.

Report this User

Report this user for behavior that violates our Community Guidelines.

Details: